| 000 | 00512nam a2200169Ia 4500 | ||
|---|---|---|---|
| 003 | OSt | ||
| 005 | 20210105101455.0 | ||
| 008 | 190216s9999||||xx |||||||||||||| ||und|| | ||
| 040 | _coclc | ||
| 082 |
_a894.812301 _bMAN/J |
||
| 100 |
_aMannarkkad, Sudhakaran _98119 |
||
| 245 | 0 |
_aJeevitha Kazhchakal / _cSudhakaran Mannarkkad |
|
| 260 |
_bSarga Jyothi Books, _c2004. _aKottayam: |
||
| 300 | _a88p | ||
| 650 | _aMalayalam Kathakal | ||
| 942 |
_cBK _2ddc _h894.812301 _iMAN/J _k894.812301 _mMAN/J |
||
| 999 |
_c28200 _d28200 |
||